000 01386nam a2200421 a 4500
001 84129
003 BD-RjUL
005 20241020114602.0
008 241020s1967 enk x b 0 a0eng c
035 _a(BD-RjUL)84129
040 _aMUL
_beng
_cMUL
_dCOO
_dDLC
_dBD-RjUL
041 _aeng
082 0 4 _a615.19082
_bPRO 1967
130 0 _aProgress in medicinal chemistry (1961)
_913847
245 1 0 _aProgress in medicinal chemistry /
_cEdited by G. P. Ellis, G. B. West
246 3 0 _aMedicinal chemistry
260 _aLondon:
_bButterworths,
_c1967
300 _avolumes :
_billustrations ;
_c26 cm
336 _atext
_btxt
_2rdacontent
337 _aunmediated
_bn
_2rdamedia
338 _avolume
_bnc
_2rdacarrier
505 0 1 _aVol. 5--
510 2 _aChemical abstracts
_x0009-2258
588 _aLatest issue consulted: Vol. 51 (2012).
650 0 _aPharmaceutical chemistry
_vPeriodicals.
_913848
650 2 _aChemistry, Pharmaceutical.
_913849
650 7 _aPharmaceutical chemistry.
_2fast
_0(OCoLC)fst01060115
650 7 _aPharmakologie
_2gnd
_913850
650 7 _aPharmazeutische Chemie
_2gnd
_913851
650 0 7 _aPharmakologie.
_2swd
_913850
650 0 7 _aPharmazeutische Chemie.
_2swd
_913851
700 _aEllis, G. P.
_913852
700 _aWest, G. B.
_913853
942 _2ddc
_cBK
999 _c84129
_d84129